000
00311nam a22001337a 4500
008
170201b xxu||||| |||| 00| 0 eng d
020
_a
9781416047667
041
_a
eng
080
_2
7ED
_a
61
100
_a
3
101
_a
SHM
245
_a
CLINICAL PROCEDURES FOR MEDICAL ASSISTANTS
_c
WEST K.B
942
_2
udc
_c
BK
999
_c
4189
_d
4189